| 000 | 00808nam a2200265 a 4500 | ||
|---|---|---|---|
| 999 |
_c830 _d830 |
||
| 008 | 191104s2009 ii a|||g |||| 001 0 eng d | ||
| 020 |
_a9788131512265 _cRs. 450.00 |
||
| 040 |
_aKO _beng |
||
| 041 | 0 | _aeng | |
| 044 | _aii | ||
| 082 | 0 | 4 |
_223 _a620.1 _bSo86 |
| 100 | 1 | _aSoutas-Little, Robert W. | |
| 245 | 1 | 0 |
_aEngineering Mechanics : _bStatics and Dynamics / _cRobert W. Soutas-Little, Daniel J. Inman, Daniel S. Balint |
| 260 |
_aNew Delhi : _bCengage Learning India Private Limited, _c2009 |
||
| 300 |
_a880 p. : _bill. ; _c24 cm. |
||
| 504 | _aIncludes index. | ||
| 650 | 0 |
_aMechanics, Applied _vTextbooks |
|
| 650 | 0 |
_aStatics _vTextbooks |
|
| 650 | 0 |
_aDynamics _vTextbooks |
|
| 700 | 1 |
_aInman, Daniel J. _eaut |
|
| 700 | 1 |
_aBalint, Daniel S. _eaut |
|
| 904 | _aS_JOY | ||
| 942 | _cBK | ||